00205nam a2200073Ia 4500008004100000082001900041245005000060300002100110230907s9999||||xx |||||||||||||| ||und|| a621.31042bELE 0aElectrical insulation for rotating machines : axix, 643 pages :